<?xml version="1.0" encoding="UTF-8"?>
<record
    xmlns:xsi="http://www.w3.org/2001/XMLSchema-instance"
    xsi:schemaLocation="http://www.loc.gov/MARC21/slim http://www.loc.gov/standards/marcxml/schema/MARC21slim.xsd"
    xmlns="http://www.loc.gov/MARC21/slim">

  <leader>01591nam a2200277 c 4500</leader>
  <controlfield tag="003">DO-SdBNP</controlfield>
  <controlfield tag="005">20240117133646.0</controlfield>
  <controlfield tag="006">a||||fr|||| 00| 0 </controlfield>
  <controlfield tag="007">ta</controlfield>
  <controlfield tag="008">240117e1944    dr  o||| m||| 00| 0 spa d</controlfield>
  <datafield tag="040" ind1=" " ind2=" ">
    <subfield code="a">DO-SdBNP</subfield>
    <subfield code="b">spa</subfield>
    <subfield code="c">BNPHU</subfield>
    <subfield code="e">rda</subfield>
  </datafield>
  <datafield tag="082" ind1=" " ind2="4">
    <subfield code="2">22</subfield>
    <subfield code="b">S477c</subfield>
  </datafield>
  <datafield tag="245" ind1="1" ind2="0">
    <subfield code="a">Contribuci&#xF3;n al estudio de la Momordica Charantia:</subfield>
    <subfield code="b">tesis para el doctorado, a&#xF1;o acad&#xE9;mico 1944-1945 no. 4 /</subfield>
    <subfield code="c">Altagracia Olimpia Senior Acosta.</subfield>
  </datafield>
  <datafield tag="246" ind1=" " ind2=" ">
    <subfield code="a">tesis para el doctorado.</subfield>
  </datafield>
  <datafield tag="264" ind1=" " ind2=" ">
    <subfield code="a">Ciudad Trujillo :</subfield>
    <subfield code="b">Montalvo,</subfield>
    <subfield code="c">1944</subfield>
  </datafield>
  <datafield tag="300" ind1=" " ind2=" ">
    <subfield code="a">50 p&#xE1;gina ;</subfield>
    <subfield code="b">Ilustraciones, fotograf&#xED;as ;</subfield>
    <subfield code="c">28 cm</subfield>
  </datafield>
  <datafield tag="336" ind1=" " ind2=" ">
    <subfield code="2">rdacontent</subfield>
    <subfield code="a">texto</subfield>
    <subfield code="b">txt</subfield>
  </datafield>
  <datafield tag="337" ind1=" " ind2=" ">
    <subfield code="2">rdamedia</subfield>
    <subfield code="a">sin mediaci&#xF3;n</subfield>
    <subfield code="b">n</subfield>
  </datafield>
  <datafield tag="338" ind1=" " ind2=" ">
    <subfield code="2">rdacarrier</subfield>
    <subfield code="a">volumen</subfield>
    <subfield code="b">nc</subfield>
  </datafield>
  <datafield tag="500" ind1=" " ind2=" ">
    <subfield code="a">"La Universidad no se hace solidaria de las opiniones emitidas por el sustentante". Ord. #. 21/ 40, de fecha 30 de septiembre del 1940.</subfield>
  </datafield>
  <datafield tag="504" ind1=" " ind2=" ">
    <subfield code="a">Bibliograf&#xED;a: 48 p&#xE1;ginas.</subfield>
  </datafield>
  <datafield tag="505" ind1=" " ind2=" ">
    <subfield code="a">Introducci&#xF3;n.</subfield>
    <subfield code="g">Primera Parte:</subfield>
    <subfield code="t">Estudio bot&#xE1;nico de las Cucububit&#xE1;ces.--</subfield>
    <subfield code="g">Segunda Parte:</subfield>
    <subfield code="t">Notaci&#xF3;n bot&#xE1;nica.-- Sinonimia.-- Momordica Charantis Abbreviata.--</subfield>
    <subfield code="g">Tercera Parte:</subfield>
    <subfield code="t">Histolog&#xED;a.--</subfield>
    <subfield code="g">Cuarta Parte:</subfield>
    <subfield code="t">Composici&#xF3;n qu&#xED;mica.-- Cenizas. Calcio.-- Investigaci&#xF3;n de alcaloides.-- Reactivo Sonneschein.-- Reactivos Mayr y Marm&#xE9;.-- Reactivos de Dranggendorff, Bouchardat.-- Investigaci&#xF3;n de Gluc&#xF3;sidos.-- </subfield>
    <subfield code="g">Quinta Parte:</subfield>
    <subfield code="t">Experiencias Fisiol&#xF3;gicas.--N&#xF3;mina de muestra.-</subfield>
    <subfield code="t">Conclusiones.</subfield>
    <subfield code="t">Bibliograf&#xED;a</subfield>
  </datafield>
  <datafield tag="590" ind1=" " ind2=" ">
    <subfield code="a">Inventariado 2024 / MF</subfield>
  </datafield>
  <datafield tag="710" ind1="1" ind2=" ">
    <subfield code="a">Instituto Profesional de Santo Domingo</subfield>
    <subfield code="b">Faculta de Derecho Civil</subfield>
    <subfield code="9">84783</subfield>
  </datafield>
  <datafield tag="942" ind1=" " ind2=" ">
    <subfield code="2">ddc</subfield>
    <subfield code="c">LBS1</subfield>
  </datafield>
  <datafield tag="952" ind1=" " ind2=" ">
    <subfield code="0">0</subfield>
    <subfield code="1">0</subfield>
    <subfield code="2">ddc</subfield>
    <subfield code="5">1</subfield>
    <subfield code="7">0</subfield>
    <subfield code="8">PD</subfield>
    <subfield code="a">BNPHU</subfield>
    <subfield code="b">BNPHU</subfield>
    <subfield code="c">CT</subfield>
    <subfield code="d">2024-01-17</subfield>
    <subfield code="e">Perteneci&#xF3; a la bibliioteca de Carlos Larraz&#xE1;bal Blanco</subfield>
    <subfield code="l">0</subfield>
    <subfield code="o">S477c</subfield>
    <subfield code="p">2024-0291</subfield>
    <subfield code="r">2024-01-17</subfield>
    <subfield code="w">2024-01-17</subfield>
    <subfield code="y">LBS1</subfield>
  </datafield>
  <datafield tag="999" ind1=" " ind2=" ">
    <subfield code="c">55719</subfield>
    <subfield code="d">55719</subfield>
  </datafield>
</record>
